000 00595nam a22001817a 4500
999 _c191784
_d191784
005 20220902155048.0
010 _aENG-134887
020 _a9789390082476
_c200.00
035 _aEN-118419
037 _bDBAD/PUB
082 _aN
100 _aSenthilkumar, Joghee
245 _aR.K. Narayan's Swami And Friends As An Archetypal Novel/
_cJoghee Senthilkumar
260 _aTamil Nadu
_bShanlax Publications
_c2020
270 _a61, 66 T.P.K. Main Road, Vasantha Nagar
_bMadurai
_e625003
_k0452-4208765
_mpublisher@shanlaxpublications.com
300 _a72p.
_c22cm(pbk)
942 _2ddc
_cEN
_hN
_mSEN